Čínske zmeny po prvý raz bez otrasov

Najnovšie zmeny na najvyšších postoch vedenia štátu v Číne - noví prezident, predseda vlády a predseda parlamentu. Program a orientácia nového vedenia.

Guardado en:
Detalles Bibliográficos
Autor principal: Moravčík, Leopold
Formato: Capítulo de libro
Lenguaje:eslovaco
Materias:
Etiquetas: Agregar Etiqueta
Sin Etiquetas, Sea el primero en etiquetar este registro!

MARC

LEADER 00000naa a2200000 4500
001 r048343
005 20230908082547.6
041 0 |a slo 
044 |a SK 
245 1 0 |a Čínske zmeny po prvý raz bez otrasov  |c Leopold Moravčík 
520 |a Najnovšie zmeny na najvyšších postoch vedenia štátu v Číne - noví prezident, predseda vlády a predseda parlamentu. Program a orientácia nového vedenia. 
610 2 0 |a politika 
610 2 0 |a vláda 
610 2 0 |a prezidenti 
610 2 0 |a parlamenty 
610 2 0 |a moc štátna 
610 2 0 |a orgány štátne 
610 2 0 |a Čína 
100 1 |a Moravčík, Leopold